| 000 | 00575nam a2200181Ia 4500 | ||
|---|---|---|---|
| 003 | IN-BaIIA | ||
| 008 | 211028s9999 xx 000 0 eng d | ||
| 040 | _cIIA Library | ||
| 080 |
_a538 _bFER |
||
| 100 |
_aFerraro, V. C. A _92897 |
||
| 245 | 3 |
_aAn introduction to magneto-fluid mechanics _cV. C. A. Ferraro |
|
| 260 |
_aOxford _bOxford University Press _c1961 |
||
| 300 | _aviii, 181p. | ||
| 650 | _aAstronomy and astrophysics thesaurus | ||
| 650 |
_aFluid mechanics _91513 |
||
| 650 |
_aMagnetohydrodynamics _91666 |
||
| 942 | _cBK | ||
| 999 |
_c2224 _d2224 |
||